হারানো গ্রাম = Harano gram [in Bengali] (Record no. 57092)
[ view plain ]
| 000 -LEADER | |
|---|---|
| fixed length control field | 00590nam a2200169Ia 4500 |
| 005 - DATE AND TIME OF LATEST TRANSACTION | |
| control field | 20260603120909.0 |
| 008 - FIXED-LENGTH DATA ELEMENTS--GENERAL INFORMATION | |
| fixed length control field | 260603s9999||||xx |||||||||||||| ||und|| |
| 020 ## - INTERNATIONAL STANDARD BOOK NUMBER | |
| International Standard Book Number | 9848233172 |
| 020 ## - INTERNATIONAL STANDARD BOOK NUMBER | |
| Qualifying information | hb |
| 082 ## - DEWEY DECIMAL CLASSIFICATION NUMBER | |
| Classification number | 891.44 |
| Item number | DUT |
| 100 ## - MAIN ENTRY--PERSONAL NAME | |
| Personal name | দত্ত, হেমঙ্গিনী = Dutta, Hemangini |
| 245 #0 - TITLE STATEMENT | |
| Title | হারানো গ্রাম = Harano gram [in Bengali] |
| 260 ## - PUBLICATION, DISTRIBUTION, ETC. | |
| Place of publication, distribution, etc. | ঢাকা, বাংলাদেশ = Dhaka, Bangladesh |
| Name of publisher, distributor, etc. | গণপ্রকাশনী = Gonoprakashani |
| Date of publication, distribution, etc. | 2001 |
| 300 ## - PHYSICAL DESCRIPTION | |
| Extent | 107p. ; 22cm. |
| 653 ## - INDEX TERM--UNCONTROLLED | |
| Uncontrolled term | Bengali Language--Literature |
| 942 ## - ADDED ENTRY ELEMENTS (KOHA) | |
| Koha item type | Book |
| Withdrawn status | Lost status | Damaged status | Not for loan | Collection code | Home library | Current library | Shelving location | Date acquired | Source of acquisition | Total Checkouts | Full call number | Barcode | Date last seen | Price effective from | Koha item type |
|---|---|---|---|---|---|---|---|---|---|---|---|---|---|---|---|
| Matrubhasa Collection | LRC, IIT Indore | LRC, IIT Indore | 3rd Floor - Matrubhasa Collection | 03/06/2026 | Gratis Book Price: INR 70.00 | 891.44 DUT | MB366 | 03/06/2026 | 03/06/2026 | Matrubhasa Collection |
